Đại số cao cấp

Đã lưu trong:
Bibliografiske detaljer
Hovedforfatter: Trần Văn Hạo (Tác giả)
Format: Bog
Tags: Tilføj Tag
Ingen Tags, Vær først til at tagge denne postø!
Thư viện lưu trữ: Mạng thư viện Đại học Đà Nẵng
LEADER 00523nam a2200205 4500
001 000007959
003 4137
005 20150812140848.0
008 111013s sd
082 1 |a 512.5  |b TR-H 
100 0 |a Trần Văn Hạo  |e Tác giả 
245 0 0 |a Đại số cao cấp  |c Trần Văn Hạo 
OWN |a LSP 
999 |a From the UDN01 
TYP |a Monograph 
TYP |a Printed language 
980 |a Mạng thư viện Đại học Đà Nẵng